| 000 | 00673nam a2200193 a 4500 | ||
|---|---|---|---|
| 001 | BRCA_2337 | ||
| 005 | 20190320203751.0 | ||
| 008 | 071008s1992----mx-a---###---#000-0#spa-# | ||
| 020 | _a9683625258 | ||
| 050 | 4 |
_aQK5 _b.N38 1992 |
|
| 100 | 1 |
_aNavarro, Fray Juan _97022 |
|
| 245 | 1 | 0 |
_aHistoria natural o jardín americano _b[manuscrito de 1801] _cFray Juan Navarro. |
| 260 |
_aMéxico _bUNAM : IMSS : ISSSTE _c1992 |
||
| 300 |
_a314 p. _bil. a color _c22 cm. |
||
| 500 | _aIncluye índice de plantas del jardín americano, índice de las enfermedades y Lexicón | ||
| 650 | 1 | 4 |
_aBotánica _xHistoria _zMéxico _9718 |
| 650 | 1 | 4 |
_aHistoria natural _zMéxico _96586 |
| 942 |
_2lcc _cB |
||
| 999 |
_c2081 _d2081 |
||